Impossible History Quiz - Statistics

General Stats
  • This quiz has been taken 38 times
  • The average score is 4 of 15
Answer Stats
Hint Answer % Correct
What does Frederick I Barbarossa's cognomen mean? red beard
49%
What unsatisfactory product did Ea Nasir from the city of Ur sell? copper
46%
Which civilization first developed writing? Sumer
46%
What is the only type of ship that HMS Dreadnought ever sank? submarine
40%
Which Roman emperor might have been transgender? elagabalus
31%
Which Aztec deity is depicted as a feathered serpent? quetzalcoatl
31%
What is the ancient Greek word for "king" Basileus
29%
Who succeeded Yuri Andropov as secretary general of the USSR? chernenko
26%
Which 17th century Swedish warship sank upon leaving port for the first time? Vasa
23%
In 1184, what did around 60 noblemen in Erfurt 1184 suffocate in? excrement
14%
Who is the Egyptian goddess of the sky/ the heavens? nut
14%
Which theoreticized nuclear weapon mainly kills from radiation but only cause minimal physical damage neutron bomb
9%
Who was the leader of the Hitler Youth? von Schirach
6%
Who was the last man on the moon (so far)? Cernan
3%
Of which contemporary leader did Hitler keep a bust in his office? atatürk
0%
No matching quizzes found
Score Distribution
Percent of People with Each Score
Percentile by Number Answered
Your Score History
You have not taken this quiz